Energy planning in developing countries (Record no. 41883)

MARC details
000 -LEADER
fixed length control field 00946nam a2200229 a 4500
008 - FIXED-LENGTH DATA ELEMENTS--GENERAL INFORMATION
fixed length control field 120416s1986 ||||||||||||||||| || u
020 ## - INTERNATIONAL STANDARD BOOK NUMBER
International Standard Book Number 086531649X
050 ## - LIBRARY OF CONGRESS CALL NUMBER
Classification number HD 9502 Mei
100 ## - MAIN ENTRY--PERSONAL NAME
Personal name Meier, Peter, 1942-
245 10 - TITLE STATEMENT
Title Energy planning in developing countries
246 ## - VARYING FORM OF TITLE
Title proper/short title an introduction to analytical methods
260 ## - PUBLICATION, DISTRIBUTION, ETC.
Place of publication, distribution, etc. Boulder
Name of publisher, distributor, etc. Westview Press
Date of publication, distribution, etc. 1986
300 ## - PHYSICAL DESCRIPTION
Extent xv, 169p. : ill.
350 ## - PRICE (NR) (BK AM CF MU VM SE) [OBSOLETE]
Price 0.00
490 ## - SERIES STATEMENT
Series statement Monograph series Energy Management Training Program
490 ## - SERIES STATEMENT
Volume/sequential designation Monograph series (State University of New York at Stony Brook. Energy Management Training Program)
500 ## - GENERAL NOTE
General note Includes index. -Bibliography: p. 163-165.
650 ## - SUBJECT ADDED ENTRY--TOPICAL TERM
Topical term or geographic name entry element ENERGY POLICY--DEVELOPING COUNTRIES
650 ## - SUBJECT ADDED ENTRY--TOPICAL TERM
Topical term or geographic name entry element POWER RESOURCES--DEVELOPING COUNTRIES
650 ## - SUBJECT ADDED ENTRY--TOPICAL TERM
Topical term or geographic name entry element RESOURCES
995 ## - RECOMMENDATION 995 [LOCAL, UNIMARC FRANCE]
-- 0.00
-- CBU-MAIN LIBRARY (Kitwe)
-- 1
-- 24.80
-- 1
-- AVAILABLE
-- Main Library Open Access Collection
Holdings
Withdrawn status Lost status Source of classification or shelving scheme Damaged status Not for loan Home library Current library Shelving location Date acquired Total Checkouts Full call number Barcode Date last seen Price effective from Koha item type
          CBU-MAIN LIBRARY, KITWE. CBU-MAIN LIBRARY, KITWE.   11/30/2022   HD 9502 Mei 005367 11/30/2022 11/30/2022 MONOGRAPH